Kraje z miastami powyżej 10 mln ludności. (easy version) - Statystyki

Ogólne statystyki
  • Ten quiz został rozwiązany 27 razy
  • Średni wynik to 31 z 32
Statystyki odpowiedzi
Odpowiedź % Poprawnych
Brazylia São Paulo 22 429 800
100%
Brazylia Rio De Janeiro 13 634 274
100%
Chiny Szanghaj 28 516 904
100%
Chiny Pekin 21 333 332
100%
Chiny Chongqing 16 874 740
100%
Chiny Tiencin 14 011 828
100%
Chiny Kanton 13 964 637
100%
Chiny Shenzhen 12 831 330
100%
Egipt Kair 21 750 020
100%
Indie Delhi 32 065 760
100%
indie Mumbai 20 961 472
100%
Indie Kolkata 15 133 888
100%
Indie Bangalore 13 193 035
100%
Indie Chennai 11 503 293
100%
Indie Hyderabad 10 534 418
100%
Japonia Tokio 37 274 000
100%
Japonia Osaka 19 059 856
100%
Kolumbia Bogota 11 344 312
100%
Meksyk Meksyk 22 085 140
100%
Rosja Moskwa 12 640 818
100%
Tajlandia Bangkok 10 899 698
100%
Turcja Stambuł 15 636 243
100%
Argentyna Buenos Aires 15 369 919
96%
Francja Paryż 11 142 303
96%
Indonezja Dżakarta 11 074 811
96%
Peru Lima 11 044 607
96%
Bangladesz Dhaka 22 478 116
92%
Filipiny Manila 14 406 059
84%
Nigeria Lagos 15 387 639
84%
Demokratyczna Republika Konga Kinszasa 15 628 085
80%
Pakistan Karaczi 16 839 950
68%
Pakistan Lahaur 13 541 764
68%
Nie znaleziono quizów pasujących do podanych kryteriów
Rozkład punktacji
Procent ludzi z każdym wynikiem
Percentyl według liczby udzielonych odpowiedzi
Twoja historia wyników
Nie rozwiązałeś tego quizu